00000000nam 2200000zi 4500
0019.953215
003CaOODSP
00520250715101023
006m     o  d f      
007cr |n|||||||||
008250715t20252025onc     o    f000 0 fre d
020 |z9780660189024
040 |aCaOODSP|bfre|erda|cCaOODSP
043 |an-cn---
0861 |aBT43-166/2025F-PDF|zBT43-166/1997F-PDF
1101 |aCanada. |bConseil du trésor, |eorganisme de publication.
24510|aPolitique sur le congé auto-financé (mis à jour).
264 1|aOttawa, Ontario : |bSecrétariat du Conseil du Trésor du Canada = Treasury Board of Canada Secretariat, |c2025
264 4|c©2025
300 |a1 ressource en ligne (18 pages non numérotées)
336 |atexte|btxt|2rdacontent/fre
337 |ainformatique|bc|2rdamedia/fre
338 |aressource en ligne|bcr|2rdacarrier/fre
500 |aPublié aussi en anglais sous le titre : Self-funded leave policy (update).
500 |a« Publié : le 2025-01-06. »
500 |aLe numéro de catalogue (BT43-166/1997F-PDF) et l'ISBN (9780660189024) d'une édition précédente sont imprimés dans cette publication.
650 6|aCongés|xPolitique gouvernementale|zCanada.
651 6|aCanada|xFonctionnaires|xCongés|xRèglements.
77508|tSelf-funded leave policy (update).|w(CaOODSP)9.953209
795 |tPolitique sur le congé auto-financé |w(CaOODSP)9.844503
85640|qPDF|s205 Ko|uhttps://publications.gc.ca/collections/collection_2025/sct-tbs/BT43-166-2025-fra.pdf
8564 |qHTML|sS.O.|uhttps://www.tbs-sct.canada.ca/pol/doc-fra.aspx?id=12588